|
|
|
|
| LEADER |
00000nam0a2200000 4500 |
| 001 |
277286 |
| 005 |
20231101235013.0 |
| 035 |
|
|
|a (RuTPU)RU\TPU\book\300559
|
| 090 |
|
|
|a 277286
|
| 100 |
|
|
|a 20141201d1985 k y0rusy5003 ca
|
| 101 |
0 |
|
|a rus
|
| 102 |
|
|
|a UA
|
| 105 |
|
|
|a y z 000zy
|
| 200 |
1 |
|
|a Пути интенсификации производства
|f В. С. Найденов
|
| 210 |
|
|
|a Киев
|c Технiка
|d 1985
|
| 215 |
|
|
|a 287 с.
|
| 606 |
1 |
|
|a Промышленные предприятия
|x Организация производства
|2 stltpush
|3 (RuTPU)RU\TPU\subj\52620
|9 71027
|
| 610 |
1 |
|
|a интенсификация производства
|
| 610 |
1 |
|
|a интенсивность
|
| 610 |
1 |
|
|a научно-технический прогресс
|
| 610 |
1 |
|
|a электроэнергетика
|
| 610 |
1 |
|
|a черная металлургия
|
| 610 |
1 |
|
|a угледобывающая промышленность
|
| 610 |
1 |
|
|a машиностроение
|
| 610 |
1 |
|
|a химическая промышленность
|
| 675 |
|
|
|a 658.5.011.46
|z rus
|v 3
|
| 701 |
|
1 |
|a Найденов
|b В. С.
|g Виктор Сергеевич
|
| 801 |
|
0 |
|a RU
|b RuMRKP
|c 19950704
|g psbo
|
| 801 |
|
1 |
|a RU
|b 63413507
|c 20141201
|
| 801 |
|
2 |
|a RU
|b 63413507
|c 20171220
|g RCR
|
| 942 |
|
|
|c BK
|